Une autobiographie / (Registro nro. 145421)

Detalles MARC
000 -LEADER
campo de control de longitud fija 00731nam a2200205 i 4500
001 - NÚMERO DE CONTROL
campo de control 145421
003 - IDENTIFICADOR DE NÚMERO DE CONTROL
campo de control ES-MaACL
005 - FECHA Y HORA DE LA ÚLTIMA TRANSACCIÓN
campo de control 20250728105426.0
007 - CAMPO FIJO DE DESCRIPCIÓN FÍSICA--INFORMACIÓN GENERAL
campo de control de longitud fija t|
008 - DATOS DE LONGITUD FIJA--INFORMACIÓN GENERAL
campo de control de longitud fija 070214s1907 fr r ||||1| fre d
100 1# - ENTRADA PRINCIPAL--NOMBRE DE PERSONA
Nombre de persona Spencer, Herbert,
Fechas asociadas al nombre 1820-1903
9 (RLIN) 107684
245 10 - MENCIÓN DEL TÍTULO
Título Une autobiographie /
Mención de responsabilidad, etc. Herbert Spencer ; traduction et adaptation par Henry de Varigny ; avec la collaboration de J. de Mestrel-Combremont , G. de Varigny.
260 ## - PUBLICACIÓN, DISTRIBUCIÓN, ETC.
Lugar de publicación, distribución, etc. Paris :
Nombre del editor, distribuidor, etc. Ch. Herissey,
Fecha de publicación, distribución, etc. 1907.
300 ## - DESCRIPCIÓN FÍSICA
Extensión 550 p. ;
Dimensiones 23 cm.
700 1# - ENTRADA AGREGADA--NOMBRE PERSONAL
Nombre de persona Mestrel-Combremont, J. de.
9 (RLIN) 80708
700 1# - ENTRADA AGREGADA--NOMBRE PERSONAL
Nombre de persona Varigny, G. de.
9 (RLIN) 113227
700 1# - ENTRADA AGREGADA--NOMBRE PERSONAL
Nombre de persona Varigny, Henry Crosnier de (
Fechas asociadas al nombre 1855-1934?)
9 (RLIN) 157468
852 ## - LOCALIZACIÓN
Ubicación ES-MaACL
Número de control de estantería B-5579
Existencias
Estatus retirado Estado de pérdida Estado de daño No para préstamo Biblioteca de origen Biblioteca actual Ubicación en estantería Fecha de adquisición Fuente de adquisición Total de préstamos Signatura topográfica completa Código de barras Visto por última vez Precio de reemplazo Tipo de ítem Koha
        Biblioteca del Ateneo de Madrid Biblioteca del Ateneo de Madrid Sala Pardo Bazán 17/01/2008     B-5579 1151797 23/02/2023 23/02/2023 Libro impreso